Central Library OPAC University of Rajshahi

Techniques in experimental virology / (Record no. 12244)

MARC details
000 -LEADER
fixed length control field 00763cam a22002531 4500
001 - CONTROL NUMBER
control field 12244
003 - CONTROL NUMBER IDENTIFIER
rucl marc code BD-RjUL
005 - DATE AND TIME OF LATEST TRANSACTION
control field 20211208235248.0
008 - FIXED-LENGTH DATA ELEMENTS--GENERAL INFORMATION
fixed length control field 140128r19651964enka b 001 0 eng
035 ## - SYSTEM CONTROL NUMBER
System control number (BD-RjUL)12293
System control number (OCoLC)239426
040 ## - CATALOGING SOURCE
Original cataloging agency DLC
Transcribing agency OKentU
Modifying agency OCoLC
-- BD-RjUL
Language of cataloging eng
041 ## - LANGUAGE CODE
Language code of text/sound track or separate title eng
060 ## - NATIONAL LIBRARY OF MEDICINE CALL NUMBER
Classification number QW 160 H315t 1964
082 ## - DEWEY DECIMAL CLASSIFICATION NUMBER
Classification number 576.6
Author mark and year TEC 1965
245 10 - TITLE STATEMENT
Title Techniques in experimental virology /
Statement of responsibility, etc. edited by R. J. C. Harris.
260 ## - PUBLICATION, DISTRIBUTION, ETC. (IMPRINT)
Place of publication, distribution, etc. New York ; London :
Name of publisher, distributor, etc. Academic Press,
Date of publication, distribution, etc. c1964 [reprint 1965].
300 ## - PHYSICAL DESCRIPTION
Pagination xiii, 450 p. :
Illustrations ill. ;
Size 23 cm.
504 ## - BIBLIOGRAPHY, ETC. NOTE
Bibliography, etc Include bibliography and index.
650 #0 - SUBJECT ADDED ENTRY--TOPICAL TERM
Topical term or geographic name as entry element Virology
General subdivision Technique.
9 (RLIN) 38008
700 1# - ADDED ENTRY--PERSONAL NAME
Personal name Harris, R. J. C.
942 ## - ADDED ENTRY ELEMENTS (KOHA)
Source of classification or shelving scheme Dewey Decimal Classification
Koha item type Books
Holdings
Lost status Source of classification or shelving scheme Damaged status Not for loan Collection code Permanent Location Current Location Shelving location Date acquired Source of acquisition Cost, normal purchase price Total Checkouts Full call number Date last seen Copy number Koha item type
  Dewey Decimal Classification     Non-fiction Central Library, University of Rajshahi Central Library, University of Rajshahi   10/03/1970 Zeitlinger 100.00   579.2 TEC 1965 28/01/2014 C-3 Books
  Dewey Decimal Classification   Not For Loan Non-fiction Central Library, University of Rajshahi Central Library, University of Rajshahi Reading Room 10/03/1970 Zeitlinger 100.00   579.2 TEC 1965 22/05/2017 C-1 Books
  Dewey Decimal Classification   Not For Loan Non-fiction Central Library, University of Rajshahi Central Library, University of Rajshahi Reading Room 10/03/1970 Zeitlinger 100.00   579.2 TEC 1964 22/05/2017 C-2 Books